|
|
|
|
| LEADER |
02033nam a2200553 a 4500 |
| 001 |
nkc20142590554 |
| 003 |
CZ PrNK |
| 005 |
20220615100718.0 |
| 007 |
ta |
| 008 |
140526s2014 xr a e f 000 0 cze |
| 015 |
|
|
|a cnb002590554
|
| 020 |
|
|
|a 978-80-204-3314-5
|q (brož.)
|
| 035 |
|
|
|a (OCoLC)883372976
|
| 040 |
|
|
|a ABA001
|b cze
|
| 072 |
|
7 |
|a 028
|x Čtení. Četba
|2 Konspekt
|9 12
|
| 080 |
|
|
|a 373.3
|2 MRF
|
| 080 |
|
|
|a 37.016:028-028.31
|2 MRF
|
| 080 |
|
|
|a 028.02
|2 MRF
|
| 080 |
|
|
|a 028.1
|2 MRF
|
| 080 |
|
|
|a 087.5
|2 MRF
|
| 080 |
|
|
|a 37.015.31:316.42
|2 MRF
|
| 080 |
|
|
|a (072)
|2 MRF
|
| 100 |
1 |
|
|a Rutová, Nina
|7 xx0015022
|4 aut
|
| 245 |
1 |
0 |
|a Metodika :
|b Daniela Krolupperová, Já se nechtěl stěhovat! /
|c Nina Rutová
|
| 246 |
1 |
4 |
|a Metodika - druhé čtení
|
| 260 |
|
|
|a [Praha] :
|b Mladá fronta,
|c 2014
|
| 300 |
|
|
|a 23 s. :
|b il. ;
|c 30 cm
|
| 490 |
1 |
|
|a Už umím číst
|
| 600 |
1 |
7 |
|a Krolupperová, Daniela,
|d 1969-
|t Já se nechtěl stěhovat!
|7 aun2014824253
|2 czenas
|
| 650 |
0 |
7 |
|a základní školy
|7 ph116795
|2 czenas
|
| 650 |
0 |
7 |
|a čtení
|7 ph128190
|2 czenas
|
| 650 |
0 |
7 |
|a čtenářská gramotnost
|7 ph136980
|2 czenas
|
| 650 |
0 |
7 |
|a dětské knihy
|7 ph114397
|2 czenas
|
| 650 |
0 |
7 |
|a osobnostní a sociální výchova
|7 ph351300
|2 czenas
|
| 650 |
0 |
9 |
|a elementary schools
|2 eczenas
|
| 650 |
0 |
9 |
|a reading
|2 eczenas
|
| 650 |
0 |
9 |
|a readers' literacy
|2 eczenas
|
| 650 |
0 |
9 |
|a children's books
|2 eczenas
|
| 650 |
0 |
9 |
|a personal and social education
|2 eczenas
|
| 655 |
|
7 |
|a metodické příručky
|7 fd132826
|2 czenas
|
| 655 |
|
9 |
|a methodological manuals
|2 eczenas
|
| 787 |
0 |
|
|a Krolupperová, Daniela, 1969-
|t Já se nechtěl stěhovat!
|
| 830 |
|
0 |
|a Už umím číst (Mladá fronta)
|0 s
|
| 856 |
4 |
1 |
|u http://www.digitalniknihovna.cz/mzk/uuid/uuid:c631e760-e6b0-11e5-8d5f-005056827e51
|y Digitalizovaný dokument
|x NDK
|
| 910 |
2 |
|
|a BOA001
|b 4-1324.812
|
| 990 |
|
|
|a BK
|
| 995 |
|
|
|a 01
|
| 991 |
|
|
|b 201406
|c NOV
|e n
|
| 996 |
6 |
|
|b 2610593010
|c 4-1324.812
|l MZK
|r Sklad / do 1 hodiny
|n 4
|p p.v.
|w 001426412
|u 000010
|a 1
|e BOA001
|j MZK50
|s P
|